000 00398nam a22001217a 4500
040 _crua
082 _aRUA SOM 2023 C337 Or.
100 _aSOM VICHIKA,សំ វិច្ឆិកា
245 _aNETWORK OPERATING SYSTEM,ប្រតិបត្តិការបណ្តាញគ្រប់គ្រង
260 _aphnom penh
_brua
_c2023
300 _axviii.483p.
_bill.
_c27cm.
942 _cREC
999 _c23493
_d23493